Regionálne prístupy k rozvoju mliekarenského priemyslu na Slovensku

Analýza regionálnych prístupov k rozvoju mliekarenského priemyslu na Slovensku, zhodnotenie zmien v mliekarenskej základni. Návrh opatrení na dosiahnutie potravinovej bezpečnosti SR. Vybrané ekonomické ukazovatele mliekarenského priemyslu SR.

Salvato in:
Dettagli Bibliografici
Autore principale: Šimunek, Ján
Natura: Capitolo di libro
Lingua:slovacco
Soggetti:
Tags: Aggiungi Tag
Nessun Tag, puoi essere il primo ad aggiungerne!!

MARC

LEADER 00000naa$a2200000$$$4500
001 0080471
005 20231018091957.3
041 0 |a slo 
044 |a SK 
245 1 0 |a Regionálne prístupy k rozvoju mliekarenského priemyslu na Slovensku  |c Ján Šimunek 
520 |a Analýza regionálnych prístupov k rozvoju mliekarenského priemyslu na Slovensku, zhodnotenie zmien v mliekarenskej základni. Návrh opatrení na dosiahnutie potravinovej bezpečnosti SR. Vybrané ekonomické ukazovatele mliekarenského priemyslu SR. 
610 2 0 |a priemysel mliekarský 
610 2 0 |a ukazovatele ekonomické 
610 2 0 |a podnik 
610 2 0 |a výrobky 
610 2 0 |a konkurencieschopnosť 
610 2 0 |a reťazce obchodné 
100 1 |a Šimunek, Ján